El huevo
Salvato in:
| Autore principale: | |
|---|---|
| Natura: | Libro |
| Lingua: | spagnolo |
| Pubblicazione: |
Barcelona
Océano
2008
|
| Serie: | Océano Travesía. Primeros Descubrimientos
|
| Soggetti: | |
| Tags: |
Aggiungi Tag
Nessun Tag, puoi essere il primo ad aggiungerne!!
|
MARC
| LEADER | 00000nam a2200000 a 4500 | ||
|---|---|---|---|
| 001 | UCH8666 | ||
| 003 | CL-VaPUC | ||
| 008 | 091203e20080000SP |||||||||||||||||spa|d | ||
| 020 | |a 9788449438684 | ||
| 082 | 0 | 4 | |a 8 |b BOU |2 21 |
| 100 | 0 | |a Bourgoing, Pascale de |e author |9 545359 | |
| 245 | 1 | 3 | |a El huevo |
| 300 | |a pág. irreg | ||
| 942 | |c BK | ||
| 945 | |d 20091203 00:00:00 |a cmena | ||
| 260 | |a Barcelona |b Océano |c 2008 | ||
| 650 | 0 | |a Libros infantiles |9 389584 | |
| 650 | 7 | |a HUEVOS |2 CL-VaPUC |9 259518 | |
| 650 | 7 | |a OVIPAROS |2 CL-VaPUC |9 545360 | |
| 583 | |a last modification |c 20091203 00:00:00 |k Rodrigo Vera | ||
| 490 | 0 | |a Océano Travesía. Primeros Descubrimientos | |
| 999 | |c 338859 |d 338857 | ||
| 952 | |0 0 |1 0 |4 0 |6 8_000000000000000_BOU_2008 |7 0 |8 C |9 432061 |a BIBCUR |b BIBCUR |d 2019-11-22 |i 4581695 |l 7 |o 8 BOU 2008 |p 4581695 |r 2025-04-22 |s 2025-03-26 |w 2019-11-22 |y BK |k INF | ||